Biggest Furry Conventions - Statistics

General Stats
  • This quiz has been taken 16 times
    7 since last reset
  • The average score is 16 of 50
Answer Stats
Rank Convention City % Correct
3 Furry Weekend _______ Atlanta
100%
1 Midwest FurFest Chicago
100%
4 Furry Fiesta Dallas
100%
2 Anthrocon Pittsburgh
100%
7 Anthro New England Boston
67%
36 AnthrOhio Columbus
50%
24 Furry Siesta Dallas
50%
8 DenFur Denver
50%
25 IndyFurCon Indianapolis
50%
10 NordicFuzzCon Malmö
50%
6 Megaplex Orlando
50%
15 Furrydelphia Philadelphia
50%
27 Alamo City Furry Invasion San Antonio
50%
17 Anthro Northwest Seattle
50%
18 Confuror Guadalajara
33%
49 StratosFur Houston
33%
32 ___ _____ Fur Con Las Vegas
33%
26 FurryPinas Manila
33%
34 Fur Squared Milwaukee
33%
45 Painted Desert Fur Con Phoenix
33%
9 Biggest Little Fur Con Reno
33%
5 Further Confusion San Jose
33%
33 PAWCON San Jose
33%
16 Infurnity Taipei
33%
12 Furnal Equinox Toronto
33%
41 Tails and Tornadoes Fur Con Tulsa
33%
31 VancouFur Vancouver
33%
14 ConFuzzled Birmingham
17%
48 Anthro SouthEast Chattanooga
17%
39 Bewhiskered Durham
17%
29 Fur-Eh! Edmonton
17%
37 FurDU Gold Coast
17%
11 Eurofurence Hamburg
17%
22 Golden State Fur Con Los Angeles
17%
23 Furry Migration Minneapolis
17%
21 Anthro Weekend Utah Ogden
17%
43 AnthroExpo Oklahoma City
17%
42 CanFURence Ottawa
17%
47 Furlandia Portland
17%
20 Furpocalypse Stamford
17%
50 FursonaCon Virginia Beach
17%
28 Fur the 'More Washington DC
17%
40 ScotiaCon Glasgow
0%
46 FurryTeaParty Kaohsiung
0%
35 FurMIT Miaoli
0%
44 Furvana Ocean Shores
0%
38 FurryJoA Seoul
0%
13 Super Furry Fusion Shanghai
0%
19 Japan Meeting of Furries Toyohashi
0%
30 Motor City Furry Con Ypisilanti
0%
No matching quizzes found
Score Distribution
Percent of People with Each Score
Percentile by Number Answered
Your Score History
You have not taken this quiz since the last reset